| 000 | 01089nac a22002897a 4500 | ||
|---|---|---|---|
| 001 | BR8001726 | ||
| 003 | BR-BrBNA | ||
| 005 | 20240105114631.0 | ||
| 008 | 230509b bl.|||m| |||| 00| 0 por d | ||
| 040 |
_aBR-BrBNA _bpor _cBiblioteca Nacional de Agricultura |
||
| 072 | _aM40 | ||
| 090 | _a8310 BR8001726 | ||
| 100 | 1 | _aCastro, A.R.C. de | |
| 110 | 1 | _aEmpresa de Pesquisa Agropecuaria do Estado do Rio de Janeiro, Niteroi (Brasil) | |
| 245 | 1 | _aUtilizacao de adubo organico em cultura de fitoplancton [Alga; Tetraselmis chuii; Camarao; Penaeus aztecus] | |
| 246 | 1 | _a[Uutilization of organic fertilizer in phytoplankton cropping [Algae; Tetraselmis chuii; Shrimp; Penaeus aztecus] | |
| 260 | 3 |
_aNiteroi, RJ (Brasil): _cDec 1979. |
|
| 300 | _a2 p. | ||
| 490 |
_aComunicado Tecnico - Empresa de Pesquisa Agropecuaria do Estado do Rio de Janeiro (Brazil) _vno. 37 _x |
||
| 650 | _aBiologia aquatica | ||
| 650 | _aAlga | ||
| 650 | _aCamarao | ||
| 650 | _aAdubo organico | ||
| 650 | _aFitoplancton | ||
| 909 |
_a202312 _bLúcia Elande _c55 _dLúcia Elande |
||
| 942 |
_2AGRIS _n0 _cMS |
||
| 999 |
_c270453 _d270453 |
||